000 00784nam a2200181Ia 4500
008 100921s9999 xx 000 0 und d
082 _b31418
_a796 थ 99
100 _aदेवळे सुरेश.
245 _aअथ तो वास्तुजिज्ञासा.
260 _bसूर्याक्षरविविधा,प्रकाशन,पुणे.
_c1999
300 _a104
_bमयुरेष बुक एजन्सी,कराड
365 _b80
520 _aकला-वास्तुशिल्पकला.
630 _aअथ तो वास्तुजिज्ञासा.
650 _aकला-वास्तुशिल्पकला.
730 _aअथ तो वास्तुजिज्ञासा.
942 _cBOOK
999 _c780531
_d780528